| 000 | 00831cam a2200217 a 4500 | ||
|---|---|---|---|
| 082 |
_a954.91 _bKHA _cL-40, P-78 |
||
| 100 | 1 |
_aKhalid, Muhammad Mumtaz. _946292 |
|
| 245 | 1 | 0 |
_aHistory of Karakoram highway / vol. 1 _cMuhammad Mumtaz Khalid ; [editor, Parvez Akmal]. |
| 260 |
_a[S.l.: _b[s.n.], _c2006<2009> |
||
| 300 |
_av. <1-2> : _bcol. ill., maps; _c23 cm. |
||
| 505 | 1 | _avol. [1] The Indus valley road -- vol. 2 The Karakoram highway | |
| 526 |
_a0 _b0 _c0 _d954_910000000000000_KHA |
||
| 526 |
_a0 _b0 _c0 _d954_910000000000000_KHA |
||
| 526 |
_a0 _b0 _c0 _d954_910000000000000_KHA |
||
| 526 |
_a0 _b0 _c0 _d954_910000000000000_KHA |
||
| 526 |
_a0 _b0 _c0 _d954_910000000000000_KHA |
||
| 650 | 0 |
_aMCE _9379 |
|
| 650 | 0 |
_aRoads _zPakistan _xDesign and construction _xHistory. _946293 |
|
| 700 | 1 |
_aAkmal, Parvez. _946294 |
|
| 942 |
_2ddc _cBK |
||
| 999 |
_c549659 _d549659 |
||